000 00560 a2200181 4500
001 002542
003 OSt
005 20220202113244.0
008
082 _a531.11
_bF22M
100 1 _aFaria, Edson de
245 1 _aMathematical tools for one-dimensional dynamics
_cby Edson de Faria and Welington de Melo
260 _aNew Delhi
_bCambridge University Press
_c2008
300 _a191p.
653 _aDynamics; Riemann surfaces; Holomorphic functions; Teichmüller spaces
700 _aMelo, Welington de
942 _2ddc
_cBK
999 _c96
_d96